|
|
|
|
| LEADER |
00000nab a2200000 a 4500 |
| 001 |
vtls000649093 |
| 003 |
SK-MaSNL |
| 005 |
20260302183346.0 |
| 008 |
161104c1998 xo 0 slo |
| 015 |
|
|
|a SNBRA1998/01-01858
|
| 035 |
|
|
|a CLN000001288
|
| 040 |
|
|
|a SNKBUCL
|b slo
|c SNKBUCL
|e AACR2
|
| 041 |
0 |
|
|a slo
|
| 044 |
|
|
|a xo
|c SK
|
| 080 |
|
|
|a 323(437.1/.2):328.1
|2 1997
|
| 080 |
|
|
|a 328.1(437.1/.2)
|2 1997
|
| 100 |
1 |
|
|a Borovičková, Alena
|4 aut
|9 889451
|
| 245 |
1 |
0 |
|a Tošovský dostal dôveru
|b ČR: Hlasovanie v Poslaneckej snemovni
|c Alena Borovičková
|
| 610 |
1 |
7 |
|a Česko.
|b Vláda
|y 1998
|2 snkbucl
|9 13239
|
| 651 |
|
7 |
|a Česko
|x politika vnútorná
|2 snkbucl
|9 867511
|
| 655 |
|
7 |
|a články z novín a časopisov
|2 snkbucl
|9 267496
|
| 773 |
0 |
|
|t Pravda
|g Roč. 8, č. 23 (29.1.1998), s. 1 a 20
|
| 850 |
|
|
|a Slovenská národná knižnica v Martine
|
| 852 |
|
|
|a SNK
|b KIS3GCP
|
| 958 |
|
|
|a CZ
|
| 999 |
|
|
|c 1421421
|d 1423351
|